| 000 | 00436nam a22001697a 4500 | ||
|---|---|---|---|
| 003 | MPLRDC | ||
| 005 | 20220104123452.0 | ||
| 008 | 210129b ||||| |||| 00| 0 eng d | ||
| 082 | _a415.271 SCPSL | ||
| 100 | _a市川平三郎 | ||
| 245 |
_a癌症早期检查法 _c廖松涛译 |
||
| 260 |
_a _b大展出版社 _c1984 |
||
| 300 | _b平 | ||
| 490 | _a健康与美容. 41 | ||
| 650 | _a癌症--检查法 | ||
| 942 |
_cBK _o415.271 SCPSL |
||
| 999 |
_c11670 _d11660 |
||